000 00337nam a22001457a 4500
008 221117b ||||| |||| 00| 0 eng d
020 _a0805389407
041 _aeng
080 _a004
082 _a004VER
100 _a18
101 _aSHKP
245 _aINTERMEDIATE PROBLEM SOLVING AND DATA STRUCTURES
_cVEROFF H
942 _2udc
_cBK
999 _c58922
_d58922